Immer vorwärts FC Bayern- Fangesang vervollständigen - Statistiken

Allgemein
  • Dieses Quiz wurde 41 mal gespielt
  • Das Durchschnittsergebnis liegt bei 27 aus 39
Antwortstatistiken
Antwort % Korrekt
Immer
100%
vorwärts
100%
FCB
97%
FC Bayern
84%
FC Bayern
84%
Deutscher
78%
Meister
78%
die
75%
Fans
75%
Münchens
75%
Stolz
75%
und
75%
wir
75%
wir
75%
vom
72%
in
69%
in
69%
Unser
69%
feiern
66%
hundert
66%
Jahren
66%
Stadion
66%
Verein
66%
Wie
66%
wollen
66%
Farben
63%
rot
63%
seit
63%
über
63%
weiß
63%
bis
59%
den
59%
der
59%
jedem
59%
wird
56%
zum
56%
bleiben
53%
es
53%
Tod
53%
Keine übereinstimmenden Quizze gefunden
Verteilung der Resultate
Anzahl Personen mit jedem Resultat
Perzentil nach korrekt beantworteten Fragen
Ihre Resultats-Entwicklung
Sie haben dieses Quiz noch nicht gespielt